Internet ako produkt diplomová práca

Enregistré dans:
Détails bibliographiques
Auteur principal: Nacková, Silvia
Collectivité auteur: Podnikovohospodárska fakulta EU so sídlom v Košiciach. Katedra marketingu a obchodu
Autres auteurs: Gajdoš, Jozef, 1962-2025
Format: Livre
Langue:slovaque
Publié: Košice 2013
Tags: Ajouter un tag
Pas de tags, Soyez le premier à ajouter un tag!

MARC

LEADER 00000nbm a2200000 4500
001 0170141
005 20161109102323.3
041 0 |a slo 
044 |a SK 
245 1 0 |a Internet ako produkt  |b diplomová práca  |c Silvia Nacková ; školiteľ: Jozef Gajdoš 
264 1 |a Košice  |c 2013 
300 |a 75 s. 
100 1 |a Nacková, Silvia 
700 1 |a Gajdoš, Jozef, 1962-2025 
710 2 |a Podnikovohospodárska fakulta EU so sídlom v Košiciach. Katedra marketingu a obchodu